The Oxford India Elwin : (Record no. 28420)
[ view plain ]
| 000 -LEADER | |
|---|---|
| fixed length control field | 02246nam a22003735a 4500 |
| 005 - DATE AND TIME OF LATEST TRANSACTION | |
| control field | 20090718154431.0 |
| 008 - FIXED-LENGTH DATA ELEMENTS--GENERAL INFORMATION | |
| fixed length control field | 090319s2009 ii ab b 000 0 eng |
| 010 ## - LCCN (DPL NO) | |
| LC control number | ENG-94465 B-425546-550 |
| 020 ## - INTERNATIONAL STANDARD BOOK NUMBER | |
| International Standard Book Number | 9780195697919 |
| Terms of availability | 795.00 |
| 020 ## - INTERNATIONAL STANDARD BOOK NUMBER | |
| International Standard Book Number | 019569791X |
| Terms of availability | 795.00 |
| 035 ## - SYSTEM CONTROL NUMBER | |
| System control number | EN-77998 B-425546-550 |
| 037 ## - SOURCE OF ACQUISITION | |
| Stock number | DBAD / PUB |
| 037 ## - SOURCE OF ACQUISITION | |
| Stock number | RBC/VEN |
| 040 ## - CATALOGING SOURCE | |
| Original cataloging agency | dpl |
| Language of cataloging | English |
| 082 ## - DEWEY DECIMAL CLASSIFICATION NUMBER | |
| Classification number | 305.800954 |
| 100 ## - MAIN ENTRY--PERSONAL NAME | |
| Personal name | Elwin, Verrier |
| 9 (RLIN) | 27768 |
| 245 ## - TITLE STATEMENT | |
| Title | The Oxford India Elwin : |
| Remainder of title | selected writings / |
| Statement of responsibility, etc | with an introduction by Ganesh N. Devy |
| 246 ## - VARYING FORM OF TITLE | |
| Title proper/short title | Elwin |
| 260 ## - PUBLICATION, DISTRIBUTION, ETC. (IMPRINT) | |
| Place of publication, distribution, etc | New Delhi |
| Name of publisher, distributor, etc | Oxford University Press, |
| Date of publication, distribution, etc | 2009 |
| 270 ## - ADDRESS | |
| Address | YMCA Library Building, Jai Singh Road |
| City | New Delhi |
| Postal code | 110001 |
| 300 ## - PHYSICAL DESCRIPTION | |
| Extent | xxii, 351 p. : |
| Other physical details | ill. |
| Dimensions | 23cm(Hb) |
| 500 ## - GENERAL NOTE | |
| General note | Includes bibliographical references. |
| 650 ## - SUBJECT ADDED ENTRY--TOPICAL TERM | |
| Topical term or geographic name as entry element | Ethnology |
| Geographic subdivision | India. |
| 9 (RLIN) | 27769 |
| 650 ## - SUBJECT ADDED ENTRY--TOPICAL TERM | |
| Topical term or geographic name as entry element | Tribes |
| Geographic subdivision | India. |
| 9 (RLIN) | 27770 |
| 700 ## - ADDED ENTRY--PERSONAL NAME | |
| Personal name | Devy, G. N. |
| 9 (RLIN) | 27771 |
| 942 ## - ADDED ENTRY ELEMENTS (KOHA) | |
| Source of classification or shelving scheme | Dewey Decimal Classification |
| Item type | English Books |
| Classification part | 305.800954 |
| Call number suffix | ELW |
| Withdrawn status | Lost status | Source of classification or shelving scheme | Damaged status | Not for loan | Collection code | Home library | Current library | Date acquired | Source of acquisition | Cost, normal purchase price | Total Checkouts | Full call number | Barcode | Date last seen | Copy number | Cost, replacement price | Koha item type | Total Renewals |
|---|---|---|---|---|---|---|---|---|---|---|---|---|---|---|---|---|---|---|
| Dewey Decimal Classification | Non-fiction | Central Library | Central Library | 06/05/2011 | RBC/22493/23.3.11/76/4.3.11/25.3.11 | 795.00 | 1 | 305.800954 ELW | B-425546 | 09/03/2023 | 1 | 795.00 | English Books | 1 | ||||
| Dewey Decimal Classification | Not For Loan | Non-fiction | D.B.Act.Division | D.B.Act.Division | 18/07/2009 | DBAD / PUB | 795.00 | 305.800954 ELW | EN-77998 | 18/07/2009 | 1 | 795.00 | English Books | |||||
| Dewey Decimal Classification | Non-fiction | Karol Bagh | Karol Bagh | 06/05/2011 | RBC/22493/23.3.11/76/4.3.11/25.3.11 | 795.00 | 305.800954 ELW | B-425549 | 06/05/2011 | 1 | 795.00 | English Books | ||||||
| Dewey Decimal Classification | Non-fiction | Patel Nagar | Patel Nagar | 06/05/2011 | RBC/22493/23.3.11/76/4.3.11/25.3.11 | 795.00 | 305.800954 ELW | B-425547 | 06/05/2011 | 1 | 795.00 | English Books | ||||||
| Dewey Decimal Classification | Non-fiction | Sarojini Nagar | Sarojini Nagar | 06/05/2011 | RBC/22493/23.3.11/76/4.3.11/25.3.11 | 795.00 | 1 | 305.800954 ELW | B-425548 | 30/01/2024 | 1 | 795.00 | English Books | |||||
| Dewey Decimal Classification | Non-fiction | Shahdara Branch | Shahdara Branch | 06/05/2011 | RBC/22493/23.3.11/76/4.3.11/25.3.11 | 795.00 | 305.800954 ELW | B-425550 | 06/05/2011 | 1 | 795.00 | English Books |
